| 000 | 00445nam a22001457a 4500 | ||
|---|---|---|---|
| 999 |
_c8123 _d8123 |
||
| 003 | OSt | ||
| 005 | 20200804155923.0 | ||
| 008 | 200804b ||||| |||| 00| 0 eng d | ||
| 020 | _a9788131522028 | ||
| 082 |
_a658.404 _bLET |
||
| 100 | _aLetavec, Craig J., 1970-; Bolles, Dennis | ||
| 245 | _aThe PMOSIG program management office handbook : strategic and tactical insights for improving results | ||
| 260 |
_aMelborn _bJ Ross _c2011 |
||
| 942 | _2ddc | ||